000
00207 a2200097 4500
001
1686
100
_a
Davis, D.J.
245
_a
Aircraft Mechanical drawing
260
_a
_b
Mcgrawhill
_c
090
_c
1223
_d
1223
942
_a
NUST-CAE
_c
M
_c
2481
999
_c
236759
_d
236759